Microsoft Project 2016 : (Record no. 100289)

MARC details
000 -LEADER
fixed length control field 00750nam a22002297a 4500
005 - DATE AND TIME OF LATEST TRANSACTION
control field 20160613115541.0
010 ## - LCCN (DPL NO)
LC control number ENG-115272
020 ## - INTERNATIONAL STANDARD BOOK NUMBER
International Standard Book Number 9788120352377
Terms of availability 650.00
035 ## - SYSTEM CONTROL NUMBER
System control number EN-98804
037 ## - SOURCE OF ACQUISITION
Source of stock number/acquisition DBAD/PUB
082 ## - DEWEY DECIMAL CLASSIFICATION NUMBER
Classification number 658.4040285536
100 ## - MAIN ENTRY--PERSONAL NAME
Personal name Chatfield, Carl
245 ## - TITLE STATEMENT
Title Microsoft Project 2016 :
Statement of responsibility, etc Carl Chatfield [and] Timothy Johnson
Remainder of title step by step /
260 ## - PUBLICATION, DISTRIBUTION, ETC. (IMPRINT)
Place of publication, distribution, etc Dellhi
Name of publisher, distributor, etc PHI Learning
Date of publication, distribution, etc 2016
270 ## - ADDRESS
Address Rimjhim House, 111, Patparganj Industrial Estate
City Delhi
Postal code 110092
300 ## - PHYSICAL DESCRIPTION
Extent xvi,557p :
Other physical details ill .
Dimensions 25cm(pbk)
490 ## - SERIES STATEMENT
Series statement Step by step
500 ## - GENERAL NOTE
General note Includes index
650 ## - SUBJECT ADDED ENTRY--TOPICAL TERM
Topical term or geographic name as entry element Project management
General subdivision Computer programs.
700 ## - ADDED ENTRY--PERSONAL NAME
Personal name Johnson, Timothy D.
942 ## - ADDED ENTRY ELEMENTS (KOHA)
Source of classification or shelving scheme Dewey Decimal Classification
Item type English Books
Call number suffix CHA
Classification part 658.4040285536
Holdings
Withdrawn status Lost status Not for loan Collection code Home library Current library Date acquired Source of acquisition Cost, normal purchase price Full call number Barcode Copy number Cost, replacement price Koha item type
    Not For Loan Non-fiction D.B.Act.Division Bawana 13/06/2016 DBAD/PUB 650.00 658.4040285536 CHA EN-98804 1 650.00 English Books

© Delhi Public Library
Hit Counter
free hit counter